1461 1841 1177 1505 1129 1772 1281 1287 1370 1573 1140 1269 1078 1731 1552 1184 1245 1506 1910 1200 1336 1341 1457 1701 1530 1542 1379 1823 1641 1499 1852 1205 1708 1519 1722 1656 1691 1675 1626 1975 1650 1826 1327 1487 1202 1161 1668 1150 1077 1993 1389 1858 1646 1227 1909 1427 1719 1587 1903 1013 1058 1159 1541 1101 1979 1418 1743 1447 1808 1659 1877 1274 1339 1641 1935 1346 1829 1720 1815 1987 1916 1161 1680 1046 1283 1202 1792 1756 1337 1373 1049 1265 1225 1247 1806 1833 1639 1380 1602 BCNSPRNW ULIB Ver.6.0+V

เปลี่ยนเป็นภาษาไทย

Change to English
 แสดงรายละเอียดบรรณานุกรม
  กลับหน้าหลัก

Brief Record : Get Marc (ISO 2709) : E-mail record : QR code < ปิดหน้าต่าง
LEADER : 00000nam 2200000uu 4500
001    13399121072
003     ULIB
008    121101s2555||||th 000 0 tha d
020    ^a9786161109318
050  4 ^aPE1128^bS411E
100 1  ^aSchwarz, Peter C.
245 10 ^aEnglish for nursing and health care students (Teacher s book) /^cPeter C.Schwarz
250    ^a2nd ed.
260    ^aNonthaburi :^bBook Project Praboromarajchanok InstituteMinistry of Public Health,^c2555
300    ^a85 p. :^bill. ;^c21 cm.
650  0 ^aEnglish language^xconversation and phrase books (for medical personnel)
650  0 ^aCommunication in nursing
650  0 ^aCommunication in medicine
700 1  ^aซวอตซ์, ปีเตอร์ ซี.
710 2  ^aPraboromarajchanok Institute. ^bBook Project
945    ^p250^l0^i032897
945    ^p250^l0^i032898
945    ^p250^l0^i032899
945    ^p250^l0^i032900
945    ^p250^l0^i032901
945    ^p250^l0^i033198
945    ^p250^l0^i033199
945    ^p250^l0^i033200
945    ^p250^l0^i033201
945    ^p250^l0^i033202
945    ^p250^l0^i033203
945    ^p250^l0^i033204
945    ^p250^l0^i033724
945    ^p250^l0^i033725
945    ^p250^l0^i033726
945    ^p250^l0^i033727
995    ^aเกษร
999    ^aใช้งานได้ทุกระบบ
รายการนี้ยังไม่มีแท็ก
คุณยังไม่ได้ล็อกอิน คุณสามารถมีกิจกรรมร่วมกับเว็บไซต์ได้ แต่ต้องล็อกอินก่อน ::
  ล็อกอิน

รายการสื่อสารสนเทศ

ลำดับที่ ประเภท เลขเรียก/บาร์โค้ด สถานที่ สถานะ
1. วิทยาศาสตร์การแพทย์ และสุขภาพ
หนังสือสำรอง
สถานะ=หนังสือสำรอง
PE1128 S411E ฉ.1 
  Barcode: 032897
ห้องสมุดวิทยาเขตสวรรค์ประชารักษ์
►หนังสือทั่วไป
บนชั้น
2. วิทยาศาสตร์การแพทย์ และสุขภาพ
วิทยาศาสตร์การแพทย์ และสุขภาพ
PE1128 S411E ฉ.10 
  Barcode: 033202
ห้องสมุดวิทยาเขตสวรรค์ประชารักษ์
►หนังสือทั่วไป
บนชั้น
3. วิทยาศาสตร์การแพทย์ และสุขภาพ
วิทยาศาสตร์การแพทย์ และสุขภาพ
PE1128 S411E ฉ.11 
  Barcode: 033203
ห้องสมุดวิทยาเขตสวรรค์ประชารักษ์
►หนังสือทั่วไป
บนชั้น
4. วิทยาศาสตร์การแพทย์ และสุขภาพ
วิทยาศาสตร์การแพทย์ และสุขภาพ
PE1128 S411E ฉ.12 
  Barcode: 033204
ห้องสมุดวิทยาเขตสวรรค์ประชารักษ์
►หนังสือทั่วไป
บนชั้น
5. การศึกษาทั่วไป
การศึกษาทั่วไป
PE1128 S411E ฉ.13 
  Barcode: 033724
ห้องสมุดวิทยาเขตสวรรค์ประชารักษ์
►หนังสือทั่วไป
บนชั้น
6. การศึกษาทั่วไป
การศึกษาทั่วไป
PE1128 S411E ฉ.14 
  Barcode: 033725
ห้องสมุดวิทยาเขตสวรรค์ประชารักษ์
►หนังสือทั่วไป
บนชั้น
7. การศึกษาทั่วไป
การศึกษาทั่วไป
PE1128 S411E ฉ.15 
  Barcode: 033726
ห้องสมุดวิทยาเขตสวรรค์ประชารักษ์
►หนังสือทั่วไป
บนชั้น
8. การศึกษาทั่วไป
การศึกษาทั่วไป
PE1128 S411E ฉ.16 
  Barcode: 033727
ห้องสมุดวิทยาเขตสวรรค์ประชารักษ์
►หนังสือทั่วไป
บนชั้น
9. วิทยาศาสตร์การแพทย์ และสุขภาพ
วิทยาศาสตร์การแพทย์ และสุขภาพ
PE1128 S411E ฉ.2 
  Barcode: 032898
ห้องสมุดวิทยาเขตสวรรค์ประชารักษ์
►หนังสือทั่วไป
บนชั้น
10. วิทยาศาสตร์การแพทย์ และสุขภาพ
วิทยาศาสตร์การแพทย์ และสุขภาพ
PE1128 S411E ฉ.3 
  Barcode: 032899
ห้องสมุดวิทยาเขตสวรรค์ประชารักษ์
►หนังสือทั่วไป
บนชั้น
11. วิทยาศาสตร์การแพทย์ และสุขภาพ
วิทยาศาสตร์การแพทย์ และสุขภาพ
PE1128 S411E ฉ.4 
  Barcode: 032900
ห้องสมุดวิทยาเขตสวรรค์ประชารักษ์
►หนังสือทั่วไป
บนชั้น
12. วิทยาศาสตร์การแพทย์ และสุขภาพ
วิทยาศาสตร์การแพทย์ และสุขภาพ
PE1128 S411E ฉ.5 
  Barcode: 032901
ห้องสมุดวิทยาเขตสวรรค์ประชารักษ์
►หนังสือทั่วไป
บนชั้น
13. วิทยาศาสตร์การแพทย์ และสุขภาพ
วิทยาศาสตร์การแพทย์ และสุขภาพ
PE1128 S411E ฉ.6 
  Barcode: 033198
ห้องสมุดวิทยาเขตสวรรค์ประชารักษ์
►หนังสือทั่วไป
บนชั้น
14. วิทยาศาสตร์การแพทย์ และสุขภาพ
วิทยาศาสตร์การแพทย์ และสุขภาพ
PE1128 S411E ฉ.7 
  Barcode: 033199
ห้องสมุดวิทยาเขตสวรรค์ประชารักษ์
►หนังสือทั่วไป
บนชั้น
15. วิทยาศาสตร์การแพทย์ และสุขภาพ
วิทยาศาสตร์การแพทย์ และสุขภาพ
PE1128 S411E ฉ.8 
  Barcode: 033200
ห้องสมุดวิทยาเขตสวรรค์ประชารักษ์
►หนังสือทั่วไป
บนชั้น
16. วิทยาศาสตร์การแพทย์ และสุขภาพ
วิทยาศาสตร์การแพทย์ และสุขภาพ
PE1128 S411E ฉ.9 
  Barcode: 033201
ห้องสมุดวิทยาเขตสวรรค์ประชารักษ์
►หนังสือทั่วไป
บนชั้น

รายการใกล้เคียง
    ผู้แต่ง [Schwarz, Peter C.]

    หัวเรื่อง [Communication in nursing]
    หัวเรื่อง [Communication in medicine]

BibComment


ยังไม่เคยถูกคอมเมนท์

คอมเมนท์ทรัพยากรรายการนี้
  คอมเมนท์: English for nurs..


 Copyright 2026. Bcnsprnw @Library